Múzeum dopravy

Salvato in:
Dettagli Bibliografici
Autore principale: Letko, Juraj, 1987- (Autore)
Altri autori: Jakeš, Erik, 1962- (Relatore della tesi)
Natura: Manoscritto Libro
Lingua:slovacco
Pubblicazione: Bratislava : STU v Bratislave SvF, 2013
Soggetti:
Accesso online:VAIS
Tags: Aggiungi Tag
Nessun Tag, puoi essere il primo ad aggiungerne!!

MARC

LEADER 00000ntm a22000003a 4500
001 stu271454
005 20150617230233.6
008 130719s2013----xo------------------slo-d
040 |a STU  |b slo 
041 0 |a slo 
044 |a xo 
100 1 |a Letko, Juraj,  |d 1987-  |4 aut  |u V  |T SvF Stavebná fakulta  |X 39639  |U V  |Y 10  |7 A000039639 
242 0 0 |a The Riverside Museum of Transport and Travel  |y eng 
245 1 |a Múzeum dopravy 
260 |a Bratislava :  |b STU v Bratislave SvF,  |c 2013 
650 7 |a Architectural Constructions and Design  |2 estusub 
650 7 |a doprava  |2 stusub 
700 1 |a Jakeš, Erik,  |d 1962-  |4 ths  |u V180  |U SvF Stavebná fakulta  |T SvF Katedra konštrukcií pozemných stavieb  |X 2701  |U V180  |Y 18  |7 A000002701 
856 4 |a info a plný text  |u http://is.stuba.sk/zp/portal_zp.pl?podrobnosti=92979  |3 VAIS